Sports Quiz

Random Sports or Auto Racing Quiz

Lewis or Nico?: Wins (2016) Quiz Stats

 Plays Quiz not verified by Sporcle

Score 0/21 Timer 02:00
0 Plays Today
Grand Prix Answer % Correct
Spanish???
100%
Malaysian???
99.9%
Australian???
81.7%
Canadian???
81.4%
Bahrain???
80%
British???
79.9%
Chinese???
79.1%
Monaco???
77.6%
Brazilian???
76.7%
Abu Dhabi???
76.5%
Mexican???
76.3%
Grand Prix Answer % Correct
Russian???
76%
United States???
75.7%
Austrian???
74.6%
Hungarian???
70.7%
European???
68.8%
Belgian???
67.2%
Singapore???
66.8%
German???
66%
Italian???
65.1%
Japanese???
58.6%

You're not logged in!

Compare scores with friends on all Sporcle quizzes.
OR
Log In

Show Comments

Extras

Top Quizzes Today


Score Distribution

Your Account Isn't Verified!

In order to create a playlist on Sporcle, you need to verify the email address you used during registration. Go to your Sporcle Settings to finish the process.

Report this User

Report this user for behavior that violates our Community Guidelines.

Details: